Güzel günler göreceğiz (Record no. 4562)

MARC details
000 -BAŞLIK
Sabit Uzunlukta Kontrol Alanı 03203na a2200493 4500
001 - KONTROL NUMARASI
Denetim Alanı 19354
003 - KONTROL NUMARASI IDENTIFIER
Denetim Alanı MIRAKIL
005 - SON İŞLEM TARİHİ VE ZAMANI
Denetim Alanı 20181213155010.0
008 - SABİT-BOY VERİ ELEMANLARI - GENEL BİLGİLER
Sabit Uzunlukta Kontrol Alanı 161214b tu 000 0
035 ## - SİSTEM KONTROL NUMARASI
Sistem Kontrol Numarası 19354
040 ## - KATALOGLAMA KAYNAK
Orijinal Kataloglama Ajansı Milas
Kataloglama Dili tur
Metne Dönüştürmek Ajansı TR-AnCHP
041 ## - DİL KODU
Metin / Ses Parça Veya Ayrı Başlığın Dil Kodu tur
082 ## - DEWEY ONLU SINIFLANDIRMA NUMARASI
Sınıflandırma Numarası CHP 324.2372092
Ürün Numarası B29g 2002
090 ## - SINIFLAMA NUMARASI
Sınıflama Numarası BROŞÜR 31
100 ## - ANA GİRİŞ - KİŞİSEL İSİM
Kişisel Ad Baykal, Deniz
240 ## - ÜNİFORM BAŞLIK
Üniforma Başlık <a href="Güzel günler göreceğiz">Güzel günler göreceğiz</a>
245 ## - BAŞLIK TABLOSU
Başlık Güzel günler göreceğiz
Başlığın Kalan Türkiye yol ayrımında ;Laik Cumhuriyeti ödünsüz koruyacağız ;Tarımda verim ve katma değeri arttıracağız ; Emeği yücelteceğiz, çalışanların haklarını koruyacağız ; Yönetimde ve iş yaşamında "ahlak ve dürüstlük" egemen kılınacaktır ; Hem ekonomi büyüyecek hem enflasyon inecek ; Eğitimi yeniden yapılandıracağız, eğitimde kalite ve fırsat eşitliğini sağlayacağız ; Doğu ve Güney Anadolu'yu huzur ve refah bölgesine dönüştüreceğiz ; Tüm yurttaşlarımızı sosyal güvenliğe kavuşturacağız
Sorumluluk Tablosu, Vb [Deniz Baykal]
260 ## - YAYIN, DAĞITIM, VB
Yayın, Dağıtım, Vb Yeri Ankara
Yayıncı, Dağıtıcı, Vs Adı CHP
Yayın, Dağıtım, Vb Tarihi 2002
300 ## - FİZİKSEL TANIM
Kapsam 9 dosya
Diğer Fiziksel Ayrıntıları rnkl. res.
Boyutlar 24 sm.
490 ## - SERİSİ TABLOSU
Seri Beyanı Cumhuriyet Halk Partisi yayınları
500 ## - GENEL NOT
Genel Not Broşüler Sosyal adalet, Sosyal demokrasi, Sosyal devlet, Eğitim, Gençlik, İnsan hakları, Hukuk devleti, Ekonomik kalkınma politikaları, Doğu ve güneydoğu Anadolu, Tarım, İdeal yönetim, AB üyeliği ile ilgili CHP hedeflerini içermektedir]
500 ## - GENEL NOT
Genel Not Başka yapıt adı: Şimdi CHP zamanı
505 ## - BİÇİMLENDİRİLDİ İÇİNDEKİLER NOT
Biçimlendirilmiş İçeriği Dikkat Türkiye yol ayrımında -- Laik Cumhuriyeti ödünsüz koruyacağız -- Tarımda verim ve katma değeri arttıracağız - Emeği yücelteceğiz, çalışanların haklarını koruyacağız - Yönetimde ve iş yaşamında "ahlak ve dürüstlük" egemen kılınacaktır - Hem ekonomi büyüyecek hem enflasyon inecek - Eğitimi yeniden yapılandıracağız, eğitimde kalite ve fırsat eşitliğini sağlayacağız - Doğu ve Güney Anadolu'yu huzur ve refah bölgesine dönüştüreceğiz - Tüm yurttaşlarımızı sosyal güvenliğe kavuşturacağız
600 ## - KONU KATMA GİRİŞ - KURUMSAL ADI
Kişisel Ad Baykal, Deniz
Genel Alt Bölümü Seçim kampanyaları, 2002
Kronolojik Alt Bölümü Broşürler
610 ## - KONU KATMA GİRİŞ - TOPLANTI ADI
Giriş Elemanı Olarak Kurumsal Ad Veya Yargı Alanı Adı CHP
Genel Alt Bölüm Seçim kampanyaları, 2002
Kronolojik Alt Bölüm Broşürler
610 ## - KONU KATMA GİRİŞ - TOPLANTI ADI
Giriş Elemanı Olarak Kurumsal Ad Veya Yargı Alanı Adı CHP
Genel Alt Bölüm Siyaset ve yönetim
Kronolojik Alt Bölüm Baykal dönemi
651 ## - KONU KATMA GİRİŞ - COĞRAFİ ADI
Coğrafi İsim Türkiye
Genel Alt Bölümü Siyaset ve yönetim
Kronolojik Alt Bölümü 2000-2005
710 ## - KATMA GİRİŞ - KURUMSAL ADI
Giriş Elemanı Olarak Kurumsal Ad Veya Yargı Alanı Adı CHP
740 ## - KATMA GİRİŞ - KONTROLSUZ İLGİLİ / ANALİTİK BAŞLIK
Kontrol Edilmeyen / İlgili Analitik Başlıktaki Tüm yurttaşlarımızı sosyal güvenliğe kavuşturacağız
740 ## - KATMA GİRİŞ - KONTROLSUZ İLGİLİ / ANALİTİK BAŞLIK
Kontrol Edilmeyen / İlgili Analitik Başlıktaki Doğu ve Güney Anadolu'yu huzur ve refah bölgesine dönüştüreceğiz
740 ## - KATMA GİRİŞ - KONTROLSUZ İLGİLİ / ANALİTİK BAŞLIK
Kontrol Edilmeyen / İlgili Analitik Başlıktaki Eğitimi yeniden yapılandıracağız, eğitimde kalite ve fırsat eşitliğini sağlayacağız
740 ## - KATMA GİRİŞ - KONTROLSUZ İLGİLİ / ANALİTİK BAŞLIK
Kontrol Edilmeyen / İlgili Analitik Başlıktaki Hem ekonomi büyüyecek hem enflasyon inecek
740 ## - KATMA GİRİŞ - KONTROLSUZ İLGİLİ / ANALİTİK BAŞLIK
Kontrol Edilmeyen / İlgili Analitik Başlıktaki Yönetimde ve iş yaşamında "ahlak ve dürüstlük" egemen kılınacaktır
740 ## - KATMA GİRİŞ - KONTROLSUZ İLGİLİ / ANALİTİK BAŞLIK
Kontrol Edilmeyen / İlgili Analitik Başlıktaki Emeği yücelteceğiz, çalışanların haklarını koruyacağız
740 ## - KATMA GİRİŞ - KONTROLSUZ İLGİLİ / ANALİTİK BAŞLIK
Kontrol Edilmeyen / İlgili Analitik Başlıktaki Tarımda verim ve katma değeri arttıracağız
740 ## - KATMA GİRİŞ - KONTROLSUZ İLGİLİ / ANALİTİK BAŞLIK
Kontrol Edilmeyen / İlgili Analitik Başlıktaki Laik Cumhuriyeti ödünsüz koruyacağız
740 ## - KATMA GİRİŞ - KONTROLSUZ İLGİLİ / ANALİTİK BAŞLIK
Kontrol Edilmeyen / İlgili Analitik Başlıktaki Türkiye yol ayrımında
740 ## - KATMA GİRİŞ - KONTROLSUZ İLGİLİ / ANALİTİK BAŞLIK
Kontrol Edilmeyen / İlgili Analitik Başlıktaki Şimdi CHP zamanı
830 ## - SERİSİ EKLENDİ GİRİŞ - ÜNİFORM ADI
Üniforma Başlık CHP yayınları
942 ## - EKLENDİ GİRİŞ ELEMANLARI (KOHA)
Sınıflandırma Veya Raf Düzeni Kaynak
Koha Öğesi Türü Books
999 ## - SİSTEM KONTROL NUMARALARI (KOHA)
Koha Biblionumber 4562
Koha Biblioitemnumber 4562
657 ## - INDEX SÜRE - İŞLEVİ
-- Güzel günler göreceğiz kampanyası
657 ## - INDEX SÜRE - İŞLEVİ
-- Şimdi CHP zamanı kampanyası
Holdings
Kullanım Kısıtlamaları Kalıcı Konum Mevcut Konum Edinme Tarihi Edinim Kaynak Kodlu Konum Eleme Toplam Check-Out'Lar Tam Çağrı Numarası Barkod Tarih Son Görülme İtibaren Geçerli Fiyatlar Koha Öğesi Türü
Kütüphane dışına çıkarılamaz CHP Kütüphanesi CHP Kütüphanesi 12/14/2016 Satınalma BROŞÜRLER   BROŞÜR 31   12/14/2016 12/14/2016 Books